000
00329nam a2200133Ia 4500
005
20251222155133.0
008
251222s9999||||xx |||||||||||||| ||spa||
082
_a
ADM. 12/V.I
100
_a
KRON, Thora.
245
0
_a
Liderazgo y Administración en EnfermerÃa
250
_a
5ta. ed.
264
_b
Interamericana
942
_c
LIB
999
_c
38901
_d
38901